De 10 beste mannelijke voetballers ter wereld 2024 - Sudden Death - Statistieken

Algemene statistieken
  • Deze quiz is 543 keer genomen
    534 sinds de laatste reset
  • De gemiddelde score is 5 van 10
Answers on the Grid
Answers color-coded by a green-red scale on the quiz's grid according to % correct below.
Robert Lewandowski Barcelona
Jude Bellingham Real Madrid
Emiliano Martínez Aston Villa
Harry Kane Bayern Munchen
Dani Carvajal Real Madrid
Florian Wirtz Bayer Leverkusen
Raphinha Barcelona
Lamine Yamal Barcelona
Vinícius Júnior Real Madrid
Lautaro Martínez Inter
Ademola Lookman Atalanta
Kylian Mbappé Real Madrid
Antonio Rüdiger Real Madrid
Rodri Manchester City
Erling Haaland Manchester City
 
Antwoordstatistieken
Antwoord % Correct
Jude Bellingham Real Madrid
77%
Kylian Mbappé Real Madrid
68%
Erling Haaland Manchester City
64%
Vinícius Júnior Real Madrid
60%
Rodri Manchester City
57%
Lamine Yamal Barcelona
47%
Harry Kane Bayern Munchen
42%
Florian Wirtz Bayer Leverkusen
29%
Dani Carvajal Real Madrid
28%
Lautaro Martínez Inter
25%
Geen overeenkomende quizzen gevonden
Scoreverdeling
Procent van Mensen met Elke Score
Percentiel versus Aantal Correcte Antwoorden
Uw Scoregeschiedenis
U heeft deze quiz nog niet genomen sinds de laatste reset